000 00309nam a2200133 i 4500
001 bg
100 1 _aWYBOWRNE, B.
245 0 _aTerija slożnych atomnych spektrov /
_cB. Wybowrne.
260 _aMoskva,
_c1973.
040 _cBPK
041 _apol
942 _cKS
008 s pl f |000 0 pol
999 _c25810
_d25810
856 _uhttp://koha.tu.koszalin.pl/cgi-bin/koha/opac-detail.pl?biblionumber=25810
_yKatalog online BPK